TOP 20 Największych Miast USA #4 - Statystyki

Ogólne statystyki
  • Ten quiz został rozwiązany 36 razy
  • Średni wynik to 6 z 20
Statystyki odpowiedzi
Stan Ludność Miasto % Poprawnych
Teksas 1 232 940 Dallas
81%
Floryda 404 048 Miami
69%
Teksas 709 893 Austin
59%
Kolorado 566 974 Denver
56%
Massachusetts 590 763 Boston
53%
Floryda 332 888 Tampa
47%
Teksas 609 415 El Paso
44%
Nebraska 427 872 Omaha
31%
Oklahoma 382 782 Tulsa
22%
Kolorado 303 582 Aurora
19%
New Jersey 281 402 Newark
19%
Arizona 518 956 Tucson
19%
Ohio 209 704 Akron
16%
Arizona 447 541 Mesa
16%
Ohio 298 446 Toledo
16%
Nevada 210 255 Reno
13%
Kalifornia 466 714 Fresno
9%
Teksas 255 009 Plano
9%
Karolina Północna 209 009 Durham
6%
Teksas 215 484 Laredo
6%
Nie znaleziono quizów pasujących do podanych kryteriów
Rozkład punktacji
Procent ludzi z każdym wynikiem
Percentyl według liczby udzielonych odpowiedzi
Twoja historia wyników
Nie rozwiązałeś tego quizu